00435nam a22001337a 450000500170000002000230001703500130004003700130005310000230006624501250008925000120021426000500022630000250027620120523120727.0 a8175345586c125.00 aB-194407 aDPLbENG aSingh, Mahendra P. aOutlines of Indian legal and constitutional history :bIncluding elements of Indian legal system /cby Mahendra P. Singh a8th ed. aNew DelhibUniversal Law Publishing Co.c2006 axvii, 220p.c20 cms.